Catalog

Record Details

Catalog Search



Redemptoris mater : encyklika Jana Pavla II. o blahoslavené Panně Marii v životě putující církve z 25. března 1987  Cover Image Book Book

Redemptoris mater : encyklika Jana Pavla II. o blahoslavené Panně Marii v životě putující církve z 25. března 1987 / Jan Pavel ; [z latiny přeložila Terezie Brichtová ; návrh obálky a grafická úprava Josef Karhan]

Summary:

Papežská encyklika o významu Panny Marie v životě věřícího křesťana.

Record details

  • ISBN: 80-7113-116-4
  • Physical Description: 76 s. ; 20 cm
  • Edition: 1. vyd.
  • Publisher: Praha : Zvon, 1995

Content descriptions

Bibliography, etc. Note:
Odkazy na lit. a prameny. - Pozn. - Ediční pozn. - Zkratky
Genre: brožury

Available copies

  • 1 of 1 copy available at Common Catalog SPOK.

Holds

  • 0 current holds with 1 total copy.
Show Only Available Copies
Location Call Number / Copy Notes Barcode Shelving Location Status Due Date
Jabok Library EK-4.1.2 424480009357 Odborná literatura Available -

LDR 01457nam a22003973a 4500
00110797
003CZ-PrJAB
00520180926093843.0
007ta
008950701s1995 xr ||| | cze d
015 . ‡acnb000095182
020 . ‡a80-7113-116-4
035 . ‡a(CZ PrSKC)m0239688
035 . ‡a(OCoLC)36602765
040 . ‡aCBA001 ‡bcze
080 . ‡a27-23/-28 ‡2MRF
080 . ‡a27-3 ‡2MRF
1000 . ‡aJan Pavel ‡bII., ‡cpapež, ‡d1920-2005 ‡7jn19981001536 ‡4aut
24510. ‡aRedemptoris mater : ‡bencyklika Jana Pavla II. o blahoslavené Panně Marii v životě putující církve z 25. března 1987 / ‡cJan Pavel ; [z latiny přeložila Terezie Brichtová ; návrh obálky a grafická úprava Josef Karhan]
250 . ‡a1. vyd.
260 . ‡aPraha : ‡bZvon, ‡c1995
300 . ‡a76 s. ; ‡c20 cm
504 . ‡aOdkazy na lit. a prameny. - Pozn. - Ediční pozn. - Zkratky
520 . ‡aPapežská encyklika o významu Panny Marie v životě věřícího křesťana.
655 7. ‡abrožury ‡7fd131925 ‡2czenas
7001 . ‡aKarhan, Josef ‡4oth
910 . ‡aABG312
901 . ‡a10797 ‡bUnknown ‡c10797 ‡tbiblio

Additional Resources